000 00248nam a22001097a 4500
003 OSt
008 241223b |||||||| |||| 00| 0 eng d
041 _aeng
100 _aRangwala, SC
_96521
245 _aPrinciples of Railway Engineering
942 _cBK
999 _c18715
_d18715